00418nam a22001577a 450000500170000001000150001702000260003203500140005803700130007208200080008510000220009324500470011526000370016227000420019930000190024120170608102817.0 aENG-118560 a9789350451120c150.00 aEN-102092 bDBAD/PUB a881 aDasgupta, Anannya aBetween sure places /cby Anannya Dasgupta aCalcuttabWriter Workshop c2015 a162/92 Lake GardensbCalcuttae700045 a64p.c22cm(Hb)